The theory of incentives : the principal-agent model
Saved in:
| Main Author: | |
|---|---|
| Other Authors: | |
| Format: | Book |
| Language: | English |
| Published: |
Princeton and Oxford :
Princeton University Press,
c2002
|
| Subjects: | |
| Tags: |
Add Tag
No Tags, Be the first to tag this record!
|
MARC
| LEADER | 00000nam a2200000 i 4500 | ||
|---|---|---|---|
| 001 | 1/77768 | ||
| 008 | 050601s2002 eng d | ||
| 020 | |a 0-691-09184-6 (pbk) | ||
| 035 | |l 10078329 | ||
| 040 | |a GR-MY-UA |b gre |e aacr | ||
| 041 | 0 | |a eng | |
| 082 | 0 | |a 338.9 |2 (21) | |
| 100 | 1 | |a Laffont, Jean-Jacques |d 1947- | |
| 245 | 1 | 4 | |a The theory of incentives : |b the principal-agent model / |c Jean-Jacques Laffont and David Martimort |
| 260 | |a Princeton and Oxford : |b Princeton University Press, |c c2002 | ||
| 300 | |a xii, 421 σ.; |c 24 εκ. | ||
| 504 | |a Περιέχει βιβλιογραφικές παραπομπές και ευρετήριο | ||
| 650 | 0 | 0 | |a Economics. |
| 650 | 0 | 0 | |a Incentives in industry. |
| 700 | 1 | |a Martimort, David. | |
| 852 | |a INST |b LESVOS |e 20050601 |h 338.9 LAF |p 005100027561 |q 005100027561 |t BK |y 0 | ||
| 901 | |a BIBL1-2005-2 | ||
| 909 | |a Λ |b 120758 | ||
| 920 | |a ΕΠΕΑΕΚ ΚΟΙΝΩΝΙΚΗΣ ΑΝΘΡΩΠΟΛΟΓΙΑΣ ΚΑΙ ΙΣΤΟΡΙΑΣ |y ΛΕΣΒΟΣ |z 2005-01 | ||
| 970 | |a ΤΖΑΦΕΡΗ |b ΕΥΑΓΓΕΛΙΑ |z 2005/06/01 | ||